[Event "86th UKR-ch Men 2017"]
[Site "Zhytomyr"]
[Date "2017.12.17"]
[Round "11"]
[White "Golubka, Petro"]
[Black "Bernadskiy, Vitaliy"]
[Result "1-0"]
[WhiteElo "2475"]
[BlackElo "2583"]
[Annotator "TA"]
[PlyCount "91"]
[EventDate "2017.??.??"]
[EventType "tourn"]
[EventCountry "UKR"]
[SourceTitle "playchess.com"]
[Source "ChessBase"]
[SourceQuality "1"]

{[%evp 17,91,27,34,-29,-27,-162,-30,-39,-34,-23,0,0,31,51,24,35,54,28,123,53,66,50,60,89,70,54,48,0,42,0,0,0,-1,0,248,231,391,268,246,212,236,60,160,102,405,321,418,388,457,484,475,474,483,478,461,463,725,708,700,694,1779,1750,1508,1458,29988,29988,29984,5845,29995,29996,29996,29997,29997,29998,29998,29999]} 1. e4 c5 2. Nf3 e6 3. d4 cxd4 4. Nxd4 a6 5. Nc3 Qc7 6. Bd3 g6 7. Be3 {B43: Sizilianisch (Paulsen-Variante)} Bg7 8. f4 d6 9. Qd2 Nf6 {LiveBook: 3 Partien} 10. Ndb5 $146 (10. a3 $14) ({Vorgänger:} 10. O-O-O O-O 11. h3 b5 12. a3 Bb7 13. f5 d5 14. fxe6 dxe4 {1-0 (28) Inarkiev,E (2683)-Papin,V (2552) Vladivostok 2012}) 10... axb5 $11 11. Nxb5 (11. e5 $1 $11) 11... Qd8 (11... Qc6 $1 $19 12. e5 dxe5 13. fxe5 O-O) 12. e5 $1 dxe5 13. fxe5 {Sd6+ ist eine echte Drohung.} Nfd7 14. Bg5 $1 {[%cal Be3g5,Bg5h4,Bh4g3,Bg3e5][%mdl 32]} f6 15. Nd6+ Kf8 16. exf6 Nxf6 17. O-O {Schwarz muss nun Lxf6 beachten.} Nbd7 (17... Qxd6 $11 18. Bxf6 Bxf6 19. Rxf6+ Ke7) 18. Bb5 ({Günstiger ist} 18. Ne4 $16) 18... h6 $14 19. Bh4 {[%mdl 1024] Weiss hat Kompensation.} g5 20. Bg3 ({Ein No Go ist} 20. Nxc8 Rxc8 21. Qd6+ Qe7 $11) 20... Kg8 21. Rae1 Nf8 $1 22. Kh1 Rxa2 (22... Bd7 $5 {[%cal Rd7b5]} 23. Bxd7 Qxd7 $17) 23. Qc3 Bd7 $1 {zielt auf ...Se4! ab.} 24. Bc4 $36 {[%mdl 2048] Weiss hat gut koordiniertes Spiel.} Ra4 $1 {Und weiter mit ...Se4! wäre nett.} 25. Be5 {[%cal Re5f6]} N8h7 $2 (25... Rxc4 $1 $11 26. Nxc4 Nd5) 26. b4 b5 $2 (26... Qe7 27. Bb3 Ra8) 27. Bb3 Ra6 28. Nf5 Kf7 29. Qh3 $2 ({Besser ist} 29. Rd1 $18) 29... Kg6 (29... Rf8 $1 $14) 30. Nd6 $1 $16 Bf8 $2 {[%mdl 8192]} (30... Rxd6 $16 {ist eine bessere Chance.} 31. Bxd6 h5) 31. Nb7 $18 Qc8 32. Qd3+ Kg7 {[#]} 33. Qd4 $1 Be7 34. Nc5 Rd8 35. Nxa6 Qxa6 {[#]} 36. Ra1 $1 {[%cal Ra1a6]} Qc6 (36... Bc8 $142 37. Qxd8 (37. Rxa6 Rxd4 38. Rc6 Bd7 $11) 37... Bxd8 38. Rxa6 Bxa6) 37. Ra7 Kg6 38. c3 Bc8 39. Bc2+ Kh5 40. Qe3 {[%cal Re3h3]} g4 41. Rxe7 Qc4 42. Rg1 (42. Qe1 $142 Qxf1+ 43. Qxf1 Bb7 44. Rxh7 Rd1 45. Bxd1 Bf3 46. gxf3 Kg5 47. Rg7+ Kf5 48. Qe1 gxf3 49. Bc2+ Ne4 50. Qxe4#) 42... Nd5 {[#]} 43. Qxh6+ $1 {[%mdl 512] Weiß setzt Matt.} Kxh6 44. Rxh7+ Kg5 45. h4+ gxh3 46. gxh3+ {Precision: Weiß = 47%, Schwarz = 34%.} 1-0

[Event "86th UKR-ch Men 2017"]
[Site "Zhytomyr"]
[Date "2017.12.17"]
[Round "11"]
[White "Frolov, Artur"]
[Black "Vovk, Andriy"]
[Result "1/2-1/2"]
[WhiteElo "2416"]
[BlackElo "2634"]
[Annotator "TA"]
[PlyCount "56"]
[EventDate "2017.??.??"]
[EventType "tourn"]
[EventCountry "UKR"]
[SourceTitle "playchess.com"]
[Source "ChessBase"]
[SourceQuality "1"]

{[%evp 17,56,5,0,0,41,28,33,35,33,26,10,10,8,0,30,24,45,42,34,23,62,-22,-16,-75,0,0,0,-75,0,0,0,0,0,-299,-273,-305,-318,-449,-435,-465,-457]} 1. e4 c5 2. Nf3 d6 3. d4 cxd4 4. Nxd4 Nf6 5. Nc3 Nc6 {[%cal Bb8c6,Bc6e5,Be5c4][%mdl 32]} 6. Bc4 e6 7. Be3 a6 8. Qe2 Qc7 9. a4 {B89: Sicilian: Velimirovic Attack} (9. Bb3 Na5 10. O-O-O b5 11. f3 Bb7 12. g4 Nd7 13. Kb1 Nc5 14. h4 Be7 15. g5 b4 16. Na4 Naxb3 17. axb3 Nxa4 18. bxa4 d5 19. f4 dxe4 {0-1 (38) Shanava,K (2524)-Sanikidze,T (2520) Batumi 2017}) 9... Bd7 {LiveBook: 3 Games} 10. O-O Ne5 11. Bb3 {White is slightly better.} Rc8 $146 ({Predecessor:} 11... Neg4 12. Bg5 Be7 13. f3 Qc5 14. Qd2 h6 15. Bh4 e5 16. fxg4 exd4 {1-0 (55) Martinez Orellana,N (2131)-Khelfallah,O (2200) Turin 2006}) 12. Rad1 Nc4 13. Bc1 Be7 14. Rd3 O-O 15. Rfd1 Rfd8 16. g4 {[%cal Bg2g4,Bg4g5][%mdl 32]} Qc5 17. g5 {[#] Strongly threatening Bxc4.} Ne8 18. Bxc4 Qxc4 19. Qh5 (19. f4 $14) 19... g6 $11 20. Qh6 {[#]} (20. Qe2 $11) 20... Bf8 (20... e5 $1 $17 {...Bf8 is the strong threat.} 21. Nde2 (21. Nd5 $2 Bf8 $19) 21... Bg4) 21. Qh4 $1 $40 {[%mdl 128] Black needs to defend precisely.} Be7 22. Qh6 (22. b3 $11 Qc5 23. Be3) 22... Bf8 (22... e5 $17 23. Nde2 (23. Nd5 $2 Bf8 $19) 23... Bg4) 23. Qh4 $1 {Threatens to win with Rh3.} Be7 24. b3 Qc5 25. Nf5 $2 {[%mdl 8192]} (25. Be3 $11 {and White is okay.} Qb4 26. Nde2) 25... exf5 $19 ({Inferior is} 25... gxf5 26. Rh3 $11) 26. Nd5 Bf8 27. Rh3 (27. Bb2 $142 fxe4 28. Rc3) 27... h5 28. gxh6 {Black must now prevent Bb2.} Qxc2 {[%mdl 32768] Precision: White = 32%, Black = 70%. . An unexpected result.} 1/2-1/2

[Event "86th UKR-ch Men 2017"]
[Site "Zhytomyr"]
[Date "2017.12.17"]
[Round "11"]
[White "Vypkhaniuk, Ihor"]
[Black "Onischuk, Vladimir"]
[Result "1/2-1/2"]
[WhiteElo "2336"]
[BlackElo "2637"]
[Annotator "TA"]
[PlyCount "85"]
[EventDate "2017.??.??"]
[EventType "tourn"]
[EventCountry "UKR"]
[SourceTitle "playchess.com"]
[Source "ChessBase"]
[SourceQuality "1"]

{[%evp 22,85,61,50,56,43,46,42,48,46,50,43,47,7,31,12,28,-22,52,16,29,23,18,-6,-17,-62,-58,-64,-54,-54,-68,-66,-72,-65,-20,-17,-18,-29,-19,-19,-23,-18,-10,-54,0,0,0,0,0,0,0,0,0,0,0,0,0,0,0,0,0,0,0,0,0,0]} 1. d4 d6 2. c4 g6 3. Nc3 Bg7 4. e4 Nf6 5. Nf3 O-O 6. Be2 Nbd7 7. O-O c6 8. Be3 e5 9. d5 c5 10. Nd2 Ne8 {E94: Königsindisch (Klassisches System)} (10... h5 11. Qc2 h4 12. h3 Nh7 13. Rae1 f5 14. f3 Ndf6 15. exf5 gxf5 16. f4 e4 17. Bf2 Ne8 18. Rb1 {0-1 (60) Wang,Y (2736)-Paragua,M (2526) Beijing 2008}) 11. Rb1 f5 12. f3 {LiveBook: 4 Partien} Bf6 {Weiß steht etwas besser.} 13. Kh1 $146 ({Vorgänger:} 13. b4 Bg5 14. Bf2 cxb4 15. Rxb4 Qa5 16. Rb5 Qd8 17. Rb2 b6 18. a4 {½-½ (51) Krush,I (2449)-Al Sayed,M (2455) Andorra 2003}) 13... Bg5 14. Bxg5 Qxg5 15. exf5 gxf5 16. g3 Qh6 17. f4 Ng7 18. Qe1 b6 19. Qf2 Bb7 (19... Nf6 $11) 20. Kg1 Rae8 21. Rbe1 Bc8 22. Nd1 Nf6 23. Ne3 Ne4 24. Nxe4 fxe4 25. Kh1 Bh3 $1 26. Rg1 $1 exf4 27. gxf4 Qxf4 28. Qg3 Qxg3 29. Rxg3 Bd7 30. Bg4 Bxg4 31. Rxg4 Rf6 32. Kg2 Rg6 (32... h5 $1 $15 33. Rh4 Kf7) 33. Kh3 {Die Stellung ist ausgeglichen.} Rf8 34. Rxg6 hxg6 $11 {[%mdl 4096] Endspiel KTS-KTS} 35. Ng4 $1 Rf3+ 36. Kh4 Kf7 37. Rxe4 a6 38. Nh6+ Kf6 39. Kg4 Rf1 40. Ng8+ Kf7 41. Nh6+ Kf6 42. Ng8+ Kf7 43. Nh6+ {Precision: Weiß = 46%, Schwarz = 66%.} 1/2-1/2